Educational technology. (Record no. 12483)
[ view plain ]
| 000 -LEADER | |
|---|---|
| fixed length control field | 00611nam a2200241 4500 |
| 003 - CONTROL NUMBER IDENTIFIER | |
| control field | URS |
| 005 - DATE AND TIME OF LATEST TRANSACTION | |
| control field | 20220114162500.0 |
| 008 - FIXED-LENGTH DATA ELEMENTS--GENERAL INFORMATION | |
| fixed length control field | 020101b xxu||||| |||| 00| 0 eng d |
| 020 ## - INTERNATIONAL STANDARD BOOK NUMBER | |
| International Standard Book Number | 9716858051 |
| 040 ## - CATALOGING SOURCE | |
| Original cataloging agency | DEDUC |
| Transcribing agency | DEDUC |
| 041 0# - LANGUAGE CODE | |
| Language code of text/sound track or separate title | eng |
| 050 00 - LIBRARY OF CONGRESS CALL NUMBER | |
| Classification number | LB 1028.3 |
| Item number | E374 |
| 245 10 - TITLE STATEMENT | |
| Title | Educational technology. |
| 250 ## - EDITION STATEMENT | |
| Edition statement | THIRD EDITON |
| 260 ## - PUBLICATION, DISTRIBUTION, ETC. | |
| Place of publication, distribution, etc. | Quezon City : |
| Name of publisher, distributor, etc. | Katha Pub., |
| Date of publication, distribution, etc. | c2007-. |
| 300 ## - PHYSICAL DESCRIPTION | |
| Extent | v. : |
| Other physical details | illustration |
| 490 ## - SERIES STATEMENT | |
| Series statement | Educational technology |
| 650 #0 - SUBJECT ADDED ENTRY--TOPICAL TERM | |
| Topical term or geographic name entry element | Educational technology. |
| 700 1# - ADDED ENTRY--PERSONAL NAME | |
| Personal name | Corpuz, Brenda B. |
| 700 1# - ADDED ENTRY--PERSONAL NAME | |
| Personal name | Lucido, Paz I. |
| 942 ## - ADDED ENTRY ELEMENTS (KOHA) | |
| Source of classification or shelving scheme | Dewey Decimal Classification |
| Koha item type | Filipiniana |
| Withdrawn status | Source of classification or shelving scheme | Damaged status | Not for loan | Collection code | Home library | Current library | Shelving location | Date acquired | Source of acquisition | Total Checkouts | Barcode | Date last seen | Copy number | Price effective from | Koha item type |
|---|---|---|---|---|---|---|---|---|---|---|---|---|---|---|---|
| Dewey Decimal Classification | Reference | Angono College Library | Angono College Library | On Display | 01/01/2002 | donation | URSANG-4914 | 01/01/2002 | 1 | 01/01/2002 | Filipiniana | ||||
| Dewey Decimal Classification | Reference | Angono College Library | Angono College Library | On Display | 01/01/2002 | donation | URSANG-4915 | 01/01/2002 | 2 | 01/01/2002 | Filipiniana | ||||
| Dewey Decimal Classification | Reference | Angono College Library | Angono College Library | On Display | 01/01/2002 | donation | URSANG-4916 | 01/01/2002 | 3 | 01/01/2002 | Filipiniana | ||||
| Dewey Decimal Classification | Reference | Angono College Library | Angono College Library | On Display | 01/01/2002 | donation | URSANG-4917 | 01/01/2002 | 4 | 01/01/2002 | Filipiniana |